Esquema de organización social para empresas latino-americanas / (Record no. 98336)

MARC details
000 -LEADER
campo de control de longitud fija 00715nam a2200217 i 4500
001 - NÚMERO DE CONTROL
campo de control 98336
003 - IDENTIFICADOR DE NÚMERO DE CONTROL
campo de control ES-MaACL
005 - FECHA Y HORA DE LA ÚLTIMA TRANSACCIÓN
campo de control 20230906182249.0
007 - CAMPO FIJO DE DESCRIPCIÓN FÍSICA--INFORMACIÓN GENERAL
campo de control de longitud fija t|
008 - DATOS DE LONGITUD FIJA--INFORMACIÓN GENERAL
campo de control de longitud fija 050728s1962 sp f |||| | spa d
100 1# - ENTRADA PRINCIPAL--NOMBRE DE PERSONA
Nombre de persona Martí Pedrosa, Miguel.
9 (RLIN) 77232
245 10 - MENCIÓN DEL TÍTULO
Título Esquema de organización social para empresas latino-americanas /
Mención de responsabilidad, etc. por Miguel Martí Pedrosa.
260 ## - PUBLICACIÓN, DISTRIBUCIÓN, ETC.
Lugar de publicación, distribución, etc. Madrid :
Nombre del editor, distribuidor, etc. [s.n.],
Fecha de publicación, distribución, etc. 1962 (
Fabricante Gráf. Valencia)
300 ## - DESCRIPCIÓN FÍSICA
Extensión 60 p., 5 lám. :
Otras características físicas 1 gráf. pleg. ;
Dimensiones 21 cm.
490 1# - MENCIÓN DE SERIE
Mención de serie Monografías de ciencias sociales
650 04 - PUNTO DE ACCESO ADICIONAL DE MATERIA--TÉRMINO DE MATERIA
Término de materia o nombre geográfico como elemento de entrada Trabajadores.
9 (RLIN) 17577
830 0# - PUNTO DE ACCESO ADICIONAL DE SERIE-TÍTULO UNIFORME
Título uniforme Monografías de ciencias sociales
9 (RLIN) 232328
852 ## - LOCALIZACIÓN
Ubicación ES-MaACL
Número de control de estantería C-21408
852 ## - LOCALIZACIÓN
Ubicación ES-MaACL
Número de control de estantería C-32811
Holdings
Estatus retirado Estado de pérdida Estado de daño No para préstamo Biblioteca de origen Biblioteca actual Ubicación en estantería Fecha de adquisición Fuente de adquisición Total de préstamos Signatura topográfica completa Código de barras Visto por última vez Precio de reemplazo Tipo de ítem Koha
        Biblioteca del Ateneo de Madrid Biblioteca del Ateneo de Madrid Depósito 2 17/01/2008     C-32811 1102656 23/02/2023 23/02/2023 Libro impreso
        Biblioteca del Ateneo de Madrid Biblioteca del Ateneo de Madrid Galería 17/01/2008     C-21408 1102655 23/02/2023 23/02/2023 Libro impreso